Escenarios de riesgos y recursos locales... una herramienta útil para la planificación municipal /
Guardado en:
| Hovedforfatter: | |
|---|---|
| Autores Corporativos: | , |
| Andre forfattere: | |
| Format: | Texto |
| Udgivet: |
SNPMAD
|
| Fag: | |
| Tags: |
Tilføj Tag
Ingen Tags, Vær først til at tagge denne postø!
|
MARC
| LEADER | 00000 a a2200000 04500 | ||
|---|---|---|---|
| 001 | 34819 | ||
| 003 | |||
| 040 | |||
| 090 | |a 1002 G393g | ||
| 100 | |a Zúñiga B., Sandra | ||
| 110 | |a Sistema Nacional para la Prevención, Mitigación y Atención de Desastres | ||
| 245 | |a Escenarios de riesgos y recursos locales... una herramienta útil para la planificación municipal / |c Sistema Nacional para la Prevención, Mitigación y Atención de Desastres | ||
| 260 | |a SNPMAD | ||
| 300 | |a 44 p. |b il. |b map. | ||
| 650 | |a GESTION DE LOS RIESGOS | ||
| 650 | |a UTILIZACION DE LOS RECURSOS | ||
| 650 | |a PREVENCION DE DESASTRES | ||
| 650 | |a ANALISIS DE LA INFORMACION | ||
| 650 | |a DIAGNOSTICAR | ||
| 650 | |a PLANIFICACION | ||
| 650 | |a NICARAGUA | ||
| 700 | |a Díaz, Melvin | ||
| 710 | |a SNPMAD | ||
| 999 | |c 13018 |d 13018 | ||
